header

Strong hermeneutics (Record no. 72300)

MARC details
000 -LEADER
fixed length control field 01341nam a2200361Ia 4500
082 04 - DEWEY DECIMAL CLASSIFICATION NUMBER
Classification number 170
100 1# - MAIN ENTRY--AUTHOR NAME
Personal name Smith, Nicholas H.
245 10 - TITLE STATEMENT
Title Strong hermeneutics
260 ## - PUBLICATION, DISTRIBUTION, ETC. (IMPRINT)
Place of publication London ;
-- New York :
Name of publisher Routledge,
Year of publication 1997.
300 ## - PHYSICAL DESCRIPTION
Number of Pages x, 197 p.
650 #0 - SUBJECT ADDED ENTRY--TOPICAL TERM
Topical Term Ethics.
Topical Term Hermeneutics.
Topical Term Identity (Philosophical concept)
Topical Term Contingency (Philosophy)
856 40 - ELECTRONIC LOCATION AND ACCESS
Uniform Resource Identifier http://site.ebrary.com/lib/rucke/Doc?id=10056049

No items available.

© 2026 Rongo University
Contact us: librarian | system librarian | Rongo university